Widok standardowy
Widok MARC
Pozycja Personal Name
Liczba rekordów, w których użyto hasła: 1
001 - Numer kontrolny
- control field: 40957
003 - Identyfikator numeru kontrolnego
- control field: NUKAT
005 - Data i czas ostatniej modyfikacji
- control field: 20260429231600.0
008 - Dane kontrolne kodowane (40 znaków)
- fixed length control field: 051124n||aaznnbabn |a ana |c
010 ## - Numer kontrolny Biblioteki Kongresu
- numer kontrolny LC: s 2005278742
040 ## - Instytucja sporządzająca rekord
- inst. przygot. dane do rek. khw: LUBL U/IL
- język haseł przedmiotowych/tezaurus: kaba
- inst. wprow. rek. khw: LUBL U/IL
100 1# - Hasło - nazwa osobowa
- nazwa osobowa w formie ujednoliconej: Mierosławski, Ludwik
- daty biograficzne: (1814-1878)
- określnik formy/nie używ.: pamiętniki.